| 000 | 00635nam a2200217Ia 4500 | ||
|---|---|---|---|
| 003 | OSt | ||
| 005 | 20230427154130.0 | ||
| 008 | 210423s2000 xx 000 0 und d | ||
| 020 | _a8172761929 | ||
| 040 | _cAL | ||
| 041 | _aeng | ||
| 082 | _a615.53 GOGV | ||
| 100 |
_aGOGTE (Vaidya Vishnu Mahadeva). _994299 |
||
| 245 | _aAyurvedic pharmacology and therapecutic uses medicinal plants. | ||
| 260 |
_aMumbai _bBharatiya Vidya Bhavan _c2000 |
||
| 300 |
_axix,841 _bPB |
||
| 365 |
_b1250 _cINR |
||
| 650 |
_aPharmacology _994300 |
||
| 906 | _aAyurvedic ; medicinal ; pharmacology ; plants. ; therapecutic ; uses | ||
| 942 |
_2ddc _cBK |
||
| 999 |
_c162777 _d162777 |
||